00462nam a22001457a 4500003000400000005001700004008004100021020001800062082001100080100001600091245009600107250000800203260006200211650004300273OSt20250527150734.0250527b |||||||| |||| 00| 0 eng d a9789366164892 a611 R5 aKumar, Ajay aEarly Clinical Exposure Clinical AnatomybA Case Based Approach in cAjay Kumar; Anu Sharma a2nd aNew DelhibCBS Publishers and Distributors Pvt. Ltdc2025 vOccupational TherapyxClinical Anatomy